000 00846na a2200289 4500
001 18784
003 MIRAKIL
005 20181213155043.0
008 161127b tu 000 0
020 _a9758426001
035 _a18784
040 _aMilas
_btur
_cTR-AnCHP
041 _atur
082 _a379.561
_bA62k 2002
090 _a379.561 A62k 2002
100 _aAli Arayıcı
245 _aKemalist Dönem Türkiyesi'nde eğitim politikaları ve köy enstitüleri
_cAli Arayıcı
260 _aİstanbul
_bCeylan Yayınları
_c2002
300 _a403 s.
_c19 sm.
440 _aCeylan Yayınları
_v41
490 _aAraştırma-İnceleme
_v9
500 _aYapıt yazarından imzalıdır
504 _aKaynakça var
650 _aEğitim politikası
_yKemalist dönem
_zTürkiye
650 _aKöy enstitüleri
942 _2dcc
_cBKS
999 _c5653
_d5653